| 000 | 00750nam a2200205 i 4500 | ||
|---|---|---|---|
| 001 | 98667 | ||
| 003 | ES-MaACL | ||
| 005 | 20250809035218.0 | ||
| 007 | t| | ||
| 008 | 931025s1848 sp ||||1| spa d | ||
| 080 | _a343(460)"1848"(094.4) | ||
| 100 | 1 |
_aElías, José Antonio. _946964 |
|
| 245 | 1 | 0 |
_aAplicación práctica del Código penal de España de 1848 : _bacompañada de tablas sinópticas de los delitos y faltas, de las penas... / _cpor José Antonio Elías. |
| 260 |
_aBarcelona : _b[s.n.], _c1848 ( _fRamón Martín Indar) |
||
| 300 |
_a238, [14], 151 p. ; _c18 cm. |
||
| 610 | 1 | 4 |
_aEspaña. _tCódigo penal, 1848. _9152618 |
| 650 | 4 |
_aDerecho penal- _zEspaña _911752 |
|
| 852 | 4 |
_aES-MaACL _jD-428 |
|
| 999 |
_c98667 _d98667 |
||